Countries of the World According to Bhutan - Statistics

General Stats
  • This quiz has been taken 325 times
  • The average score is 51 of 55
Answers on the Map
Answers color-coded by a green-red scale on the quiz's map according to % correct below.
 
Answer Stats
Date Recognized Answer % Correct
25 June 2003 Canada
98%
21 September 2009 Brazil
97%
13 August 1985 Denmark
97%
1 May 1986 Finland
97%
25 November 2020 Germany
97%
January 1968 India
97%
5 November 1985 Norway
97%
27 August 1985 Sweden
97%
14 March 2012 Argentina
96%
14 September 2002 Australia
96%
28 March 1986 Japan
96%
20 November 2012 Kazakhstan
96%
18 January 2012 Mongolia
96%
29 November 2012 Poland
96%
11 February 2011 Spain
96%
8 May 1989 Austria
95%
26 September 2011 Cuba
95%
14 November 2012 Egypt
95%
15 December 2011 Indonesia
95%
21 November 2011 Morocco
95%
3 June 1983 Nepal
95%
10 June 1985 Netherlands
95%
14 November 1989 Thailand
95%
26 September 2012 Turkey
95%
21 January 2009 Belgium
94%
1 February 2012 Myanmar
94%
16 September 1985 Switzerland
94%
19 January 2012 Vietnam
94%
20 April 2010 Afghanistan
93%
21 December 2012 Colombia
93%
15 December 1988 Pakistan
93%
24 September 1987 South Korea
93%
23 March 2012 Andorra
92%
12 April 1973 Bangladesh
92%
-- Bhutan
92%
15 March 2013 Oman
92%
2 December 2011 Czech Republic
91%
1 December 2011 Luxembourg
91%
9 December 2011 Serbia
91%
13 May 1987 Sri Lanka
91%
13 September 2012 United Arab Emirates
91%
12 December 2020 Israel
90%
26 September 2012 Slovakia
90%
13 September 2012 Slovenia
90%
26 September 2012 Armenia
89%
20 September 2002 Singapore
89%
23 May 1983 Kuwait
88%
7 February 2013 Azerbaijan
87%
24 January 2013 Tajikistan
87%
6 January 1992 Bahrain
86%
20 July 1984 Maldives
86%
21 March 2012 Costa Rica
83%
18 November 2011 Fiji
78%
2 July 2012 Mauritius
78%
21 August 2012 Eswatini
72%
No matching quizzes found
Score Distribution
Percent of People with Each Score
Percentile by Number Answered
Your Score History
You have not taken this quiz